Magyar animációs filmek és filmesek két Oscar-jelölés között. Rövidfilmek és alkotóik az 1975-2007 időszakban

Elmentve itt :
Bibliográfiai részletek
Szerző: Tászler Mónika
További közreműködők: Babiczky László (Témavezető)
Dokumentumtípus: Szakdolgozat
Megjelent: 2013
Tárgyszavak:
Online Access:http://diploma.bibl.u-szeged.hu/53705
LEADER 00653nta a2200157 i 4500
001 dipl53705
005 20150417153204.0
008 150416s2013 hu om 0|| zxx d
040 |a SZTE Diploma Repozitórium  |b hun 
041 |a zxx 
100 1 |a Tászler Mónika 
245 1 0 |a Magyar animációs filmek és filmesek két Oscar-jelölés között. Rövidfilmek és alkotóik az 1975-2007 időszakban  |h [elektronikus dokumentum] /  |c Mónika Tászler 
260 |c 2013 
650 4 |a Bölcsészettudományok 
700 1 |a Babiczky László  |e ths 
856 4 0 |u http://diploma.bibl.u-szeged.hu/id/eprint/53705/1/2014_T%C3%A1szler_M%C3%B3nika_POTMAAD_SZE_SZ.pdf  |z Dokumentum-elérés